Años de fuga / (Registro nro. 30300)
[ vista simple ]
| 000 -LÍDER | |
|---|---|
| campo de control de longitud fija | 00723nam a22002297a 4500 |
| 003 - IDENTIFICADOR DE NÚMERO DE CONTROL | |
| campo de control | OSt |
| 005 - FECHA Y HORA DE LA ÚLTIMA | |
| campo de control | 20240215221253.0 |
| 008 - ELEMENTOS DE DATOS DE LONGITUD FIJA - INFORMACIÓN GENERAL | |
| campo de control de longitud fija | 231026b |||||||| |||| 00| 0 eng d |
| 020 ## - NÚMERO INTERNACIONAL NORMALIZADO DEL LIBRO | |
| Número de libro estándar internacional | 9788401012358 |
| 037 ## - FUENTE DE ADQUISICIÓN | |
| Materials specified | Donación |
| 040 ## - FUENTE DE CATALOGACIÓN | |
| Agencia de catalogación original | CO-JMCR |
| Agencia de transcripción | CO-JMCR |
| Agencia modificadora | CO-JMCR |
| Convenciones de descripción | rdz |
| 041 ## - CÓDIGO DE IDIOMA | |
| Código de idioma del texto/pista de sonido o título independiente | spa |
| 082 ## - NÚMERO DE CLASIFICACIÓN DECIMAL DEWEY | |
| Número de clasificación | A-N |
| Número de artículo | MENa EJ.1 |
| 100 ## - ENTRADA PRINCIPAL - NOMBRE PERSONAL | |
| Término relativo | autor |
| Nombre personal | Mendoza, Plinio Apuleyo |
| 9 (RLIN) | 43406 |
| 245 ## - DECLARACIÓN DEL TÍTULO | |
| Título | Años de fuga / |
| Declaración de responsabilidad, etc. | Plinio Apuleyo Mendoza |
| 260 ## - PUBLICACIÓN, DISTRIBUCIÓN, ETC. | |
| Lugar de publicación, distribución, etc. | Barcelona |
| Nombre del editor, distribuidor, etc. | Plaza & Janés |
| Fecha de publicación, distribución, etc. | 1999 |
| 300 ## - DESCRIPCIÓN FÍSICA | |
| Medida | 418 páginas |
| Dimensiones | 18 cm |
| 650 ## - ENTRADA AÑADIDA DE ASUNTO - TÉRMINO TEMÁTICO | |
| Fuente del encabezado o término | JMCR |
| -- | Novela Colombiana |
| Subdivisión cronológica | Siglo XX |
| Subdivisión geográfica | Colombia |
| 9 (RLIN) | 43407 |
| 650 ## - ENTRADA AÑADIDA DE ASUNTO - TÉRMINO TEMÁTICO | |
| Fuente del encabezado o término | Literatura Colombiana |
| 651 ## - | |
| -- | Colombia |
| -- | Biografía |
| -- | Historia |
| -- | Guerra de independencia, 1810-1819 |
| -- | 43408 |
| 942 ## - ELEMENTOS DE ENTRADA AÑADIDOS (KOHA) | |
| Source of classification or shelving scheme | Dewey Decimal Classification |
| Tipo de artículo Koha | Books |
| 999 ## - | |
| -- | 30300 |
| -- | 16684 |
| Estado retirado |
|---|